| 000 | 00737nam a2200229Ia 4500 | ||
|---|---|---|---|
| 003 | OSt | ||
| 005 | 20220925221653.0 | ||
| 006 | a|||||r|||| 00| 0 | ||
| 007 | ta | ||
| 008 | 220923b |||||||| |||| 00| 0 eng d | ||
| 020 |
_a9780262518253 _c890 |
||
| 037 |
_b37958, 14/06/2013, Segment Book Distrobutors _cGeneral Book |
||
| 040 |
_aRTL _cRTL _beng |
||
| 041 |
_2eng _aeng |
||
| 082 | _aX:(B2892), Q2 | ||
| 100 |
_aBRAMS Steven J. _9239097 |
||
| 245 | 0 |
_aGame theory and the humanities _b Bridging two worlds |
|
| 260 |
_aLondon _bMIT Press _c2011 |
||
| 300 |
_axi,319p _ccm. |
||
| 942 |
_hX:(B2892), Q2 _cGB _2CC |
||
| 999 |
_c575031 _d575031 |
||